<?xml version="1.0" encoding="UTF-8"?>
<record
    xmlns:xsi="http://www.w3.org/2001/XMLSchema-instance"
    xsi:schemaLocation="http://www.loc.gov/MARC21/slim http://www.loc.gov/standards/marcxml/schema/MARC21slim.xsd"
    xmlns="http://www.loc.gov/MARC21/slim">

  <leader>00870nam a2200241   4500</leader>
  <controlfield tag="001">179216</controlfield>
  <controlfield tag="003">ES-MaACL</controlfield>
  <controlfield tag="005">20250607063031.0</controlfield>
  <controlfield tag="008">111007s2010    sp af        |||| |dspa d</controlfield>
  <datafield tag="080" ind1=" " ind2=" ">
    <subfield code="a">82-91.09</subfield>
  </datafield>
  <datafield tag="080" ind1=" " ind2=" ">
    <subfield code="a">741.5(091)</subfield>
  </datafield>
  <datafield tag="100" ind1="1" ind2=" ">
    <subfield code="a">Gubern, Rom&#xE1;n, </subfield>
    <subfield code="d">1934-</subfield>
    <subfield code="9">60377</subfield>
  </datafield>
  <datafield tag="245" ind1="1" ind2="3">
    <subfield code="a">El c&#xF3;mic de la innovaci&#xF3;n / </subfield>
    <subfield code="c">[textos, Rom&#xE1;n Gubern y Luis Gasca ; dise&#xF1;o y c&#xF3;mic, Manuel Andreu].</subfield>
  </datafield>
  <datafield tag="246" ind1="3" ind2="6">
    <subfield code="a">El c&#xF3;mic y la innovaci&#xF3;n</subfield>
  </datafield>
  <datafield tag="260" ind1=" " ind2=" ">
    <subfield code="a">Donostia-San Sebasti&#xE1;n : </subfield>
    <subfield code="b">Iberm&#xE1;tica, Departamento de Comunicaci&#xF3;n,</subfield>
    <subfield code="c">[2010]</subfield>
  </datafield>
  <datafield tag="300" ind1=" " ind2=" ">
    <subfield code="a">[35] p. : </subfield>
    <subfield code="b">il. col. y n. ; </subfield>
    <subfield code="c">28 x 28 cm.</subfield>
  </datafield>
  <datafield tag="650" ind1="0" ind2="7">
    <subfield code="a">C&#xF3;mics-</subfield>
    <subfield code="x">Historia y cr&#xED;tica</subfield>
    <subfield code="2"></subfield>
    <subfield code="9">148172</subfield>
  </datafield>
  <datafield tag="700" ind1="1" ind2=" ">
    <subfield code="a">Gasca, Luis.</subfield>
    <subfield code="9">55835</subfield>
  </datafield>
  <datafield tag="700" ind1="1" ind2=" ">
    <subfield code="a">Andreu, Manel.</subfield>
    <subfield code="9">148171</subfield>
  </datafield>
  <datafield tag="852" ind1=" " ind2=" ">
    <subfield code="a">ES-MaACL</subfield>
    <subfield code="j">A-11608</subfield>
    <subfield code="9">186095</subfield>
    <subfield code="b">R.146064</subfield>
    <subfield code="c">DEPO1</subfield>
    <subfield code="d">Olim: N-4613</subfield>
  </datafield>
  <datafield tag="942" ind1=" " ind2=" ">
    <subfield code="2">udc</subfield>
    <subfield code="c">MONOGRAFIA</subfield>
  </datafield>
  <datafield tag="999" ind1=" " ind2=" ">
    <subfield code="c">179216</subfield>
    <subfield code="d">179216</subfield>
  </datafield>
  <datafield tag="952" ind1=" " ind2=" ">
    <subfield code="0">0</subfield>
    <subfield code="1">0</subfield>
    <subfield code="2">udc</subfield>
    <subfield code="4">0</subfield>
    <subfield code="7">0</subfield>
    <subfield code="a">ATENEOM</subfield>
    <subfield code="b">ATENEOM</subfield>
    <subfield code="c">DEPO1</subfield>
    <subfield code="d">2011-10-07</subfield>
    <subfield code="e">DONACION</subfield>
    <subfield code="l">0</subfield>
    <subfield code="o">A-11608</subfield>
    <subfield code="p">1188264</subfield>
    <subfield code="r">2023-02-23 00:00:00</subfield>
    <subfield code="w">2023-02-23</subfield>
    <subfield code="y">MONOGRAFIA</subfield>
  </datafield>
</record>
